000 01326cam a2200337 4500
001 ABS67283
008 031124n2003 000 0 eng u
035 _a(Sirsi) u124439
100 _aWestcott Rudd, M.
245 4 _aThe new Land Registration Act - the key points
260 _c2003
490 _aEstate Agency News
_v(195) November 2003, 22(1)
520 _aLooks at some of the major changes brought in by the Land Registration Act 2002, which came into force in October 2003. Examines briefly the following key matters: e-conveyancing, better protection for registered landowners, adverse possession, the general boundary principle, fixing of boundaries, established positions and neighbours, compulsory registration of leases and voluntary registration of other leases, franchises and profits.
590 _aABS
650 _aGENERAL BOUNDARY PRINCIPLE
650 _aBoundary disputes
_96221
650 _aNEIGHBOURS
650 _aLAND REGISTRATION ACT 2002
650 _aPROFITS IN GROSS
650 _aCONVEYANCING
650 _aREGISTERED LANDOWNERS
650 _aADVERSE POSSESSION
650 _aSQUATTERS
650 _aCOMPULSORY REGISTRATION
650 _aVOLUNTARY REGISTRATION
650 _aLEASES
650 _aFRANCHISES
650 _aLEASES
690 _aPROPERTY
942 _n0
999 _c73836
_d73836